<?xml version="1.0" encoding="UTF-8"?>
<record
    xmlns:xsi="http://www.w3.org/2001/XMLSchema-instance"
    xsi:schemaLocation="http://www.loc.gov/MARC21/slim http://www.loc.gov/standards/marcxml/schema/MARC21slim.xsd"
    xmlns="http://www.loc.gov/MARC21/slim">

  <leader>03187cam a2200313 i 4500</leader>
  <controlfield tag="001">23990102</controlfield>
  <controlfield tag="003">DLC</controlfield>
  <controlfield tag="005">20260421103832.0</controlfield>
  <controlfield tag="007">t|</controlfield>
  <controlfield tag="008">250111s2025    enk      b    001 0 eng  </controlfield>
  <datafield tag="010" ind1=" " ind2=" ">
    <subfield code="a">  2024061077</subfield>
  </datafield>
  <datafield tag="020" ind1=" " ind2=" ">
    <subfield code="a">9781032527833</subfield>
    <subfield code="q">hardback</subfield>
  </datafield>
  <datafield tag="020" ind1=" " ind2=" ">
    <subfield code="a">9781032527826</subfield>
    <subfield code="q">paperback</subfield>
  </datafield>
  <datafield tag="020" ind1=" " ind2=" ">
    <subfield code="z">9781003408383</subfield>
    <subfield code="q">ebook</subfield>
  </datafield>
  <datafield tag="040" ind1=" " ind2=" ">
    <subfield code="a">MMARA-U</subfield>
    <subfield code="b">eng</subfield>
    <subfield code="e">MMARA-U</subfield>
    <subfield code="c">MMARA-U</subfield>
    <subfield code="d">MMARA-U</subfield>
  </datafield>
  <datafield tag="050" ind1="0" ind2="0">
    <subfield code="a">K5018</subfield>
    <subfield code="b">.E45 2025</subfield>
  </datafield>
  <datafield tag="100" ind1="1" ind2=" ">
    <subfield code="a">Elkington, Amy</subfield>
    <subfield code="e">author</subfield>
    <subfield code="4">aut</subfield>
    <subfield code="4">http://id.loc.gov/vocabulary/relators/aut</subfield>
    <subfield code="0">http://id.loc.gov/authorities/names/n2025001386</subfield>
    <subfield code="9">2987</subfield>
  </datafield>
  <datafield tag="245" ind1="1" ind2="0">
    <subfield code="a">Criminal law and criminal justice :</subfield>
    <subfield code="b">morals and policy /</subfield>
    <subfield code="c">Amy Elkington.</subfield>
  </datafield>
  <datafield tag="264" ind1=" " ind2="1">
    <subfield code="a">Abingdon, Oxon ;</subfield>
    <subfield code="a">New York, NY :</subfield>
    <subfield code="b">Routledge,</subfield>
    <subfield code="c">2025.</subfield>
  </datafield>
  <datafield tag="300" ind1=" " ind2=" ">
    <subfield code="a">xxiii, 224 pages ;</subfield>
    <subfield code="c">26 cm</subfield>
  </datafield>
  <datafield tag="504" ind1=" " ind2=" ">
    <subfield code="a">Includes bibliographical references and index.</subfield>
  </datafield>
  <datafield tag="505" ind1="0" ind2=" ">
    <subfield code="a">The Nature of Criminal Law -- Principles of Criminal Law -- Voluntary Actions, Causation, and Causing Euthanasia -- Omissions and a Good Samaritan Law -- Murder, Mens Rea, and Blameworthiness -- Defining Dishonesty -- Consent and the Restriction of Personal Autonomy -- Consent, Sexual Offences, and Strict Liability -- Committing Crime whilst Intoxicated -- Protecting the Sanctity of Human Life -- Discouraging Gang Activity -- Loss of Control and Sexual Infidelity -- Domestic Homicide and Coercive Control -- Imposing Corporate Liability.</subfield>
  </datafield>
  <datafield tag="520" ind1=" " ind2=" ">
    <subfield code="a">"Criminal Law and Criminal Justice: Morals and Policy goes beyond the traditional criminal law textbook and invites students to question why we criminalise certain behaviour and whether the decisions made by the courts can be justified according to legal principle, morals and policy. Providing an overview not only of the legal doctrine of criminal law, but also of the underpinning theory behind the legal doctrine, the book encourages critical thinking around the context behind, and implementation of, legal decisions. It applies this to current issues, such as respect for personal autonomy, prevention of domestic abuse and discouraging gang activity, whilst providing a clear overview of the law relating to actus reus, mens rea, property offences, homicide, non-fatal offences, sexual offences, accessorial liability, and defences. Using hypothetical scenarios, students will develop an understanding of why certain rules exist and then be able to critically analyse why certain behaviour is criminalised. An in-depth study of several key cases will show how the rules and theory play out in practice, and students will examine how morals and policy have influenced these decisions. Featuring thinking points as well as further reading suggestions, this textbook is suitable for all students of criminal law, as well as for those studying jurisprudence"-- Provided by publisher.</subfield>
  </datafield>
  <datafield tag="650" ind1=" " ind2="0">
    <subfield code="a">Criminal law</subfield>
    <subfield code="x">Philosophy</subfield>
    <subfield code="0">http://id.loc.gov/authorities/subjects/sh2008101665</subfield>
    <subfield code="9">2988</subfield>
  </datafield>
  <datafield tag="650" ind1=" " ind2="0">
    <subfield code="a">Criminal law</subfield>
    <subfield code="x">Moral and ethical aspects</subfield>
    <subfield code="9">2989</subfield>
  </datafield>
  <datafield tag="650" ind1=" " ind2="0">
    <subfield code="a">Criminal justice, Administration of</subfield>
    <subfield code="x">Moral and ethical aspects</subfield>
    <subfield code="0">http://id.loc.gov/authorities/subjects/sh2009118338</subfield>
    <subfield code="9">2990</subfield>
  </datafield>
  <datafield tag="650" ind1=" " ind2="0">
    <subfield code="a">Criminal intent</subfield>
    <subfield code="x">Moral and ethical aspects</subfield>
    <subfield code="9">2991</subfield>
  </datafield>
  <datafield tag="942" ind1=" " ind2=" ">
    <subfield code="2">lcc</subfield>
    <subfield code="c">LOAN LOAN</subfield>
  </datafield>
  <datafield tag="999" ind1=" " ind2=" ">
    <subfield code="c">33481</subfield>
    <subfield code="d">33478</subfield>
  </datafield>
  <datafield tag="952" ind1=" " ind2=" ">
    <subfield code="0">0</subfield>
    <subfield code="1">0</subfield>
    <subfield code="2">lcc</subfield>
    <subfield code="4">0</subfield>
    <subfield code="7">0</subfield>
    <subfield code="a">MMU001</subfield>
    <subfield code="b">MMU001</subfield>
    <subfield code="d">2026-04-20</subfield>
    <subfield code="e">Donation</subfield>
    <subfield code="g">9049.14</subfield>
    <subfield code="l">0</subfield>
    <subfield code="o">K5018 .E45 2025</subfield>
    <subfield code="p">26040817</subfield>
    <subfield code="r">2026-04-20 11:28:00</subfield>
    <subfield code="w">2026-04-20</subfield>
    <subfield code="y">LOAN LOAN</subfield>
  </datafield>
</record>
